000 00270nam a2200121Ia 4500
008 220204s9999 xx 000 0 und d
082 _a534
_bKHA
100 _aBedi, R S
245 0 _aTextbook of sound
260 _aDelhi
_bAtma Ram
_c1972
700 _aD R
942 _cBK
999 _c22927
_d22927